1711 1974 1139 1682 1506 1923 1960 1345 1606 1395 1855 1614 1635 1091 1315 1435 1071 1906 1115 1058 1547 1029 1094 1322 1404 1910 1186 1345 1392 1237 1491 1732 1082 1774 1226 1819 1814 1280 1222 1609 1320 1884 1041 1328 1666 1140 1238 1720 1510 1518 1325 1510 1183 1046 1392 1031 1173 1219 1143 1648 1112 1967 1661 1671 1178 1908 1525 1642 1207 1113 1343 1312 1059 1732 1078 1012 1168 1542 1665 2000 1402 1346 1325 1635 1676 1132 1893 1536 1976 1155 1648 1245 1147 1645 1000 1654 1552 1328 1988 BCNSPRNW ULIB Ver.6.0+V

เปลี่ยนเป็นภาษาไทย

Change to English
 แสดงรายละเอียดบรรณานุกรม
  กลับหน้าหลัก

Brief Record : Get Marc (ISO 2709) : E-mail record : QR code < ปิดหน้าต่าง
LEADER : 00000nam 2200000uu 4500
001    13399128799
003     ULIB
008    240917s2566||||th 000 0 tha d
020    ^a9786165937894
060 04 ^aWY141^bพ718ก
100 0  ^aพิมพ์พรรณ ศิลปสุวรรณ
245 10 ^aการพยาบาลอาชีวอนามัยและความปลอดภัย :^bจากแนวคิดสู่การปฏิบัติหลังยุคโควิด-19 /^cพิมพ์พรรณ ศิลปสุวรรณ ,เพลินพิศบุณยมาลิก และ สุจินดา จารุพัฒน์ มารุโอ
250    ^aพิมพ์ครั้งที่ 6 (ฉบับปรับปรุง)
260    ^aกรุงเทพฯ :^bสำนักพิมพ์จุฬาลงกรณ์มหาวิทยาลัย,^c2566
300    ^a608 หน้า :^bภาพประกอบ ;^c30 ซม.
504    ^aมีบรรณานุกรมและดัชนี
650  2 ^aCOVID-19 (Disease)
650  4 ^aความปลอดภัย^xการพยาบาล
650  4 ^aอาชีวอนามัย, การบริการ
650  4 ^aอาชีวอนามัย
650  4 ^aภาวะสุขภาพ
650  4 ^aโควิด-19(โรค)
700 0  ^aเพลินพิศ บุณยมาสิก,^eผู้แต่งร่วม
700 0  ^aสุจินดา จารุพัฒน์ มารุโอ,^eผู้แต่งร่วม
710 2  ^aมหาวิทยาลัยมหิดล.^bคณะสาธารณสุขศาสตร์
945    ^p690^l0^i010858
945    ^p690^l0^i010859
945    ^p690^l0^i010860
945    ^p690^l0^i010861
945    ^p690^l0^i010862
999    ^aประนอม เกษจรัล
รายการนี้ยังไม่มีแท็ก
คุณยังไม่ได้ล็อกอิน คุณสามารถมีกิจกรรมร่วมกับเว็บไซต์ได้ แต่ต้องล็อกอินก่อน ::
  ล็อกอิน

รายการสื่อสารสนเทศ

ลำดับที่ ประเภท เลขเรียก/บาร์โค้ด สถานที่ สถานะ
1. Book การพยาบาล
หนังสือสำรอง
สถานะ=หนังสือสำรอง
WY141 พ718ก ฉ.1 
  Barcode: 010858
ห้องสมุดวิทยาเขตสวรรค์ประชารักษ์
►หนังสือทั่วไป
บนชั้น
2. Book การพยาบาล
Book การพยาบาล
WY141 พ718ก ฉ.2 
  Barcode: 010859
ห้องสมุดวิทยาเขตสวรรค์ประชารักษ์
►หนังสือทั่วไป
บนชั้น
3. Book การพยาบาล
Book การพยาบาล
WY141 พ718ก ฉ.3 
  Barcode: 010860
ห้องสมุดวิทยาเขตสวรรค์ประชารักษ์
►หนังสือทั่วไป
บนชั้น
4. Book การพยาบาล
Book การพยาบาล
WY141 พ718ก ฉ.4 
  Barcode: 010861
ห้องสมุดวิทยาเขตสวรรค์ประชารักษ์
►หนังสือทั่วไป
บนชั้น
5. Book การพยาบาล
Book การพยาบาล
WY141 พ718ก ฉ.5 
  Barcode: 010862
ห้องสมุดวิทยาเขตสวรรค์ประชารักษ์
►หนังสือทั่วไป
บนชั้น

รายการใกล้เคียง
    ผู้แต่ง [พิมพ์พรรณ ศิลปสุวรรณ]

    หัวเรื่อง [COVID-19 (Disease)]
    หัวเรื่อง [อาชีวอนามัย, การบริการ]
    หัวเรื่อง [อาชีวอนามัย]
    หัวเรื่อง [ภาวะสุขภาพ]

BibComment


ยังไม่เคยถูกคอมเมนท์

คอมเมนท์ทรัพยากรรายการนี้
  คอมเมนท์: การพยาบาลอาชีวอน..


 Copyright 2026. Bcnsprnw @Library